| Поле | Название | Значение |
| |
Тип записи |
c |
| |
Библиографический уровень |
m |
| 001 |
Контрольный номер |
UONB/MAIN/1577d3bfd49542b098bf2ee26e1b9e4f |
| 005 |
Дата корректировки |
20251205100344.3 |
| 010 |
Индекс ISBN |
__ |
| d |
Цена |
40 к. |
| 9 |
Тираж |
25000 экз. |
| 071 |
Издательские номер (звукозапись и ноты) |
21 |
| a |
Номер, присвоенный агентством |
11245 |
| 100 |
Данные общей обработки |
__ |
| a |
Данные общей обработки |
20220422b1980 m##y0rusy0189 ca |
| 101 |
Язык документа |
0_ |
| a |
Язык текста |
rus |
| f |
Язык титульного листа |
rus |
| 102 |
Страна публикации |
__ |
| a |
Страна публикации |
RU |
| 125 |
Кодированные данные звукозаписи и нотных изданий |
__ |
| a |
Форма изложения нотного текста |
a |
| 128 |
Кодированные данные (звукозаписи-физические характеристики) |
__ |
| a |
Кодированные данные: Музыкальная форма и тональность или лад |
ai |
| c |
Инструменты или голоса, рекомендуемые для солистов (устаревшее) |
vu |
| 200 |
Заглавие и сведения об ответственности |
1_ |
| a |
Заглавие |
Вып. 68 |
| e |
Сведения, относящиеся к заглавию |
[перелож. для вокально-инструм. ансамбля] |
| 208 |
Область специфических сведений: ноты |
__ |
| a |
Форма изложения нотного текста |
Партитура |
| 210 |
Выходные данные |
1_ |
| d |
Дата издания |
1980 |
| 215 |
Физическое описание |
__ |
| d |
Формат |
22 см |
| a |
Объем |
62 с. |
| 327 |
Примечание о содержании |
11 |
| a |
Примечание о содержании |
Содерж. : Глебов Е. Парус / сл. Б. Окуджавы. - Мажуков А. Музыка любви / сл. А. Поперечного. - Саульский Ю. Ожидание / сл. Л. Завальнюка. - Бюль-бюль оглы П. Танцуйте, люди! / сл. М. Рябинина. - Баузе А. Где же ты? : из реперт. Андреаса Хольма / сл. Д. Шнайдера, пер. с нем. Дм. Виноградова. |
| 461 |
Уровень набора |
_0 |
| 1 |
|
2001 |
| a |
|
Поем и танцуем |
| b |
|
Ноты |
| v |
|
Вып. 68 |
| 1 |
|
2101 |
| a |
|
М. |
| c |
|
Музыка |
| d |
|
1965 - |
| 1 |
|
001UONB/MAIN/4fde9fb1b77a4474bcd01598adf6aca3 |
| 464 |
Аналитический уровень |
_0 |
| 1 |
|
700 1 |
| a |
|
Глебов |
| b |
|
Е. |
| 1 |
|
2001 |
| a |
|
Парус |
| e |
|
Срывался голос мой высокий... |
| 1 |
|
702 1 |
| a |
|
Окуджава |
| b |
|
Б. |
| 4 |
|
520 |
| 464 |
Аналитический уровень |
_0 |
| 1 |
|
700 1 |
| b |
|
Мажуков |
| a |
|
А. |
| 1 |
|
2001 |
| a |
|
Музыка любви |
| e |
|
Музыка и ты... |
| 1 |
|
702 1 |
| a |
|
Поперечный |
| b |
|
А. |
| 4 |
|
520 |
| 464 |
Аналитический уровень |
_0 |
| 1 |
|
700 1 |
| a |
|
Саульский |
| b |
|
Ю. |
| 1 |
|
2001 |
| a |
|
Ожидание |
| e |
|
Светлая, светлая... |
| 1 |
|
702 1 |
| a |
|
Завальнюк |
| b |
|
Л. |
| 4 |
|
520 |
| 464 |
Аналитический уровень |
_0 |
| 1 |
|
700 1 |
| a |
|
Бюль-бюль оглы |
| b |
|
П. |
| 1 |
|
2001 |
| a |
|
Танцуйте, люди! |
| e |
|
Проходит время... |
| 1 |
|
702 1 |
| a |
|
Рябинин |
| 4 |
|
520 |
| b |
|
М. |
| 464 |
Аналитический уровень |
_0 |
| 1 |
|
2001 |
| a |
|
Где же ты? |
| e |
|
Где же ты?.. |
| e |
|
Wo bist du?.. |
| e |
|
из реперт. Андреаса Хольма |
| d |
|
Wo bist du? |
| 1 |
|
700 1 |
| a |
|
Баузе |
| b |
|
А. |
| 1 |
|
702 1 |
| a |
|
Хольм |
| b |
|
А. |
| 4 |
|
590 |
| 1 |
|
702 1 |
| a |
|
Шнайдер |
| b |
|
Д. |
| 4 |
|
520 |
| 512 |
Заглавие обложки |
1_ |
| a |
Заглавие обложки |
Поем и танцуем |
| 600 |
Персоналии |
_1 |
| a |
Персоналии (Фамилия) |
Хольм, Андреас |
| 606 |
Тематические рубрики |
0_ |
| a |
Основная рубрика |
Вокально-инструментальные ансамбли |
| x |
Основная подрубрика |
Песни советских композиторов |
| x |
Основная подрубрика |
Песни зарубежных композиторов |
| x |
Основная подрубрика |
Лирические песни |
| x |
Основная подрубрика |
Репетруар |
| 610 |
Ключевые слова |
0_ |
| a |
Ключевые слова |
эстрадные песни; танцевальная музыка; лирические песни; песни советских композиторов; вокально-инструментальные ансамбли; песни зарубежных композиторов |
| 686 |
Индексы других классификаций |
__ |
| 2 |
Код системы |
rubbk |
| a |
Классификационный индекс |
85.952.18-085я43 |
| 801 |
Источник записи |
_0 |
| a |
Страна |
RU |
| b |
Организация |
Ульяновская ОНБ |
| c |
Дата составления |
20220422 |
| g |
Правила каталогизации |
RCR |
| 801 |
Источник записи |
_1 |
| a |
Страна |
RU |
| b |
Организация |
Ульяновская ОНБ |
| c |
Дата составления |
20220422 |
| g |
Правила каталогизации |
RCR |
| 901 |
Тип документа |
__ |
| t |
Тип документа |
n |
| w |
Контрольный № источника |
UONB/MAIN/4fde9fb1b77a4474bcd01598adf6aca3 |
| 909 |
Создатель записи |
__ |
| a |
Создатель записи |
Никитина Т. А. |